Le classement final de serie A (saison 2023-2024) - Statistiques

Statistiques générales
  • Ce quiz a été pris 50 fois
  • Le résultat moyen est 14 sur 20
Statistiques - réponses
Classement
Nombre
de points
Équipe % Correct
1 94 Inter Milan
100%
3 71 Juventus
100%
2 75 AC Milan
98%
4 69 Atalanta
93%
6 63 Rome
93%
10 53 Naples
91%
7 61 Lazio
84%
5 68 Bologne
81%
8 60 Fiorentina
74%
19 30 Sassuolo
65%
9 53 Torino
65%
11 49 Genoa
56%
14 38 Lecce
53%
15 37 Udinese
53%
12 45 Monza
51%
20 17 Salernitana
51%
16 36 Cagliari
47%
17 35 Empoli
42%
13 38 Hellas Verone
37%
18 35 Frosinone
35%
Aucun quiz correspondant
Distribution des résultats
% des personnes avec chaque résultat
Percentile par nombre de réponses
Votre historique - résultats
Vous n’avez pas pris ce quiz